| 000 | 00000nam 2200000zi 4500 |
| 001 | 9.900502 |
| 003 | CaOODSP |
| 005 | 20221107175424 |
| 006 | m o d f |
| 007 | cr cn||||||||| |
| 008 | 210607t20212021quca o f000 0 fre d |
| 020 | |a9780660391519 |
| 040 | |aCaOODSP|bfre|erda|cCaOODSP |
| 043 | |an-cn-bc|an-us-wa |
| 086 | 1 |aEn4-227/1-2021F-PDF |
| 245 | 04|aLes indicateurs sur la santé de la mer des Salish : |bmise à jour de 2020 : sommaire. |
| 264 | 1|aGatineau (Québec) : |bGouvernement du Canada = Government of Canada, |c[2021] |
| 264 | 4|c©2021 |
| 300 | |a1 ressource en ligne (9 pages) : |billustrations en couleur |
| 336 | |atexte|btxt|2rdacontent/fre |
| 337 | |ainformatique|bc|2rdamedia/fre |
| 338 | |aressource en ligne|bcr|2rdacarrier/fre |
| 500 | |aPublié aussi en anglais sous le titre : The Salish Sea transboundary ecosystem indicators: 2020 update : executive summary. |
| 500 | |aPublié par : Environnement et changement climatique Canada. |
| 650 | 6|aÉcosystèmes marins|xSanté|zSalish, Mer des (C.-B. et Wash.) |
| 650 | 6|aIndicateurs écologiques|zSalish, Mer des (C.-B. et Wash.) |
| 710 | 1 |aCanada. |bEnvironnement et changement climatique Canada, |eorganisme de publication. |
| 775 | 08|tThe Salish Sea transboundary ecosystem indicators : |w(CaOODSP)9.900501 |
| 794 | |tCoopération Canada - État-Unis pour la mer des Salish : |w(CaOODSP)9.900504 |
| 795 | |tLes indicateurs sur la santé de la mer des Salish : |w(CaOODSP)9.642290 |
| 856 | 40|qPDF|s7.37 Mo|uhttps://publications.gc.ca/collections/collection_2021/eccc/En4-227-1-2021-fra.pdf |